000 01230cam a2200337 a 4500
001 14291131
005 20170105102920.0
008 060308s2005 ii f001 0 eng
010 _a 2006346303
020 _a8170492483
025 _aI-E-2006-346303; 63-91; 63-01
037 _bLibrary of Congress -- New Delhi Overseas Office
_cRs995.00
040 _aDLC
_cDLC
042 _alcode
043 _aa-ii---
050 0 0 _aDS444
_b.I45 2005
245 0 0 _aImportant documents on security and diplomacy /
_cedited by Arvind Gupta, Mukul Chaturvedi and Akshay Joshi.
260 _aNew Delhi :
_bManas Publications published in collaboration with National Security Council Secretariat,
_cc2005.
300 _a518 p. ;
_c25 cm.
500 _aInlcudes index.
520 _aSources on foreign relations, national security, and diplomacy.
650 0 _aNational security
_zIndia
_vSources.
651 0 _aIndia
_xForeign relations
_y1984-
_vSources.
700 1 _aGupta, Arvind,
_d1953-
700 1 _aChaturvedi, Mukul.
700 1 _aJoshi, Akshay.
710 1 _aIndia.
_bNational Security Council Secretariat.
906 _a7
_bcbc
_corigode
_d3
_encip
_f20
_gy-gencatlg
942 _2ddc
_cBK
999 _c15552
_d15552